000 00179nam a22000857a 4500
999 _c264307
_d264306
100 _aDavid Shannon
245 _aDUCK AND A BOOK
260 _aUSA
_bSholastic Inc
_c2005
942 _cBK